[Event "Kiev-Lvov Region Blitz"]
[Site "Kiev"]
[Date "2021.09.15"]
[Round "1"]
[White "Stasyuk, Jaroslav"]
[Black "Toktomushev, Teimur"]
[Result "0-1"]
[WhiteElo "1183"]
[BlackElo "1988"]
[PlyCount "86"]
[EventDate "2021.09.15"]
[EventType "team-match (blitz)"]
[EventRounds "8"]
[EventCountry "UKR"]
[SourceTitle "CBM 204 Extra"]
[Source "ChessBase"]
[SourceDate "2021.11.30"]
[SourceVersion "1"]
[SourceVersionDate "2021.11.30"]
[SourceQuality "1"]
[WhiteTeam "Lvov Region"]
[BlackTeam "Kiev Region"]
[WhiteTeamCountry "UKR"]
[BlackTeamCountry "UKR"]

1. d4 d5 2. Bf4 Nf6 3. Nf3 c5 4. c3 Nc6 5. e3 Qb6 6. Qc2 g6 7. Nbd2 Bf5 8. dxc5 Qxc5 9. Bd3 Bxd3 10. Qxd3 Bg7 11. 0-0 0-0 12. Nb3 Qb6 13. Ne5 Rad8 14. h3 Ne4 15. Nf3 e5 16. Bh2 Nc5 17. Qc2 Nxb3 18. Qxb3 Qxb3 19. axb3 a6 20. Rfd1 d4 21. e4 f5 22. Ng5 Rfe8 23. b4 h6 24. Nf3 fxe4 25. Nd2 e3 26. fxe3 dxc3 27. bxc3 e4 28. Nc4 Bxc3 29. Rac1 Bxb4 30. Bc7 Rd3 31. Nb6 Ba5 32. Rxd3 exd3 33. Kf2 Re7 34. Nd5 Rxc7 35. Nxc7 Bxc7 36. Rd1 Ne5 37. Rb1 b5 38. Ra1 a5 39. Rc1 d2 40. Rd1 Nc4 41. Ke2 a4 42. Rb1 a3 43. Rxb5 a2 0-1

[Event "Kiev-Lvov Region Blitz"]
[Site "Kiev"]
[Date "2021.09.15"]
[Round "3"]
[White "Stasyuk, Jaroslav"]
[Black "Toktomushev, Teimur"]
[Result "1/2-1/2"]
[WhiteElo "1183"]
[BlackElo "1988"]
[PlyCount "80"]
[EventDate "2021.09.15"]
[EventType "team-match (blitz)"]
[EventRounds "8"]
[EventCountry "UKR"]
[SourceTitle "CBM 204 Extra"]
[Source "ChessBase"]
[SourceDate "2021.11.30"]
[SourceVersion "1"]
[SourceVersionDate "2021.11.30"]
[SourceQuality "1"]
[WhiteTeam "Lvov Region"]
[BlackTeam "Kiev Region"]
[WhiteTeamCountry "UKR"]
[BlackTeamCountry "UKR"]

1. e4 c5 2. Nf3 e6 3. c3 d5 4. exd5 Qxd5 5. Bb5+ Bd7 6. Bxd7+ Qxd7 7. d4 Nc6 8. Bf4 Nf6 9. 0-0 cxd4 10. Nxd4 Nxd4 11. Qxd4 Qxd4 12. cxd4 Be7 13. Nc3 0-0 14. Bg5 Rfd8 15. Rfd1 h6 16. Bh4 Nd5 17. Nxd5 Bxh4 18. Ne3 Bf6 19. d5 Bxb2 20. Rab1 Bf6 21. Rxb7 exd5 22. Nxd5 Kf8 23. Kf1 Rd6 24. Ne3 Rxd1+ 25. Nxd1 Bd4 26. f3 Rc8 27. Rd7 Bb6 28. Rd2 Ke7 29. Nf2 Bxf2 30. Kxf2 Rc1 31. Rb2 Kf6 32. Kg3 g6 33. Rb7 a5 34. Rb5 a4 35. Rb4 a3 36. Rb3 h5 37. Rxa3 Ra1 38. Ra6+ Kg7 39. a4 Ra2 40. h4 Ra3 1/2-1/2

[Event "Kiev-Lvov Region Rapid"]
[Site "Kiev"]
[Date "2021.09.14"]
[Round "1"]
[White "Toktomushev, Teimur"]
[Black "Stasyuk, Jaroslav"]
[Result "1-0"]
[WhiteElo "1988"]
[BlackElo "1183"]
[PlyCount "41"]
[EventDate "2021.09.14"]
[EventType "team-match (rapid)"]
[EventRounds "4"]
[EventCountry "UKR"]
[SourceTitle "CBM 204 Extra"]
[Source "ChessBase"]
[SourceDate "2021.11.30"]
[SourceVersion "1"]
[SourceVersionDate "2021.11.30"]
[SourceQuality "1"]
[WhiteTeam "Kiev Region"]
[BlackTeam "Lvov Region"]
[WhiteTeamCountry "UKR"]
[BlackTeamCountry "UKR"]

1. d4 g6 2. c4 Bg7 3. Nc3 d6 4. e4 e5 5. Nge2 h5 6. f3 Nd7 7. Be3 Bh6 8. Bxh6 Nxh6 9. Qd2 f5 10. 0-0-0 h4 11. c5 Nf7 12. exf5 gxf5 13. cxd6 Nxd6 14. dxe5 Nc4 15. Qf4 Ncxe5 16. Nd4 Qf6 17. Nd5 Qd6 18. Nxf5 Qc6+ 19. Kb1 Rf8 20. Ng7+ Kd8 21. Qg5+ 1-0